Anagram Chain - Asian Countries - Statistics

General Stats
  • This quiz has been taken 1,068 times
  • The average score is 9 of 14
Answer Stats
Hint Country % Correct
Remove Q; Add N IRAN
100%
Remove R, I, N; Add O, S, L LAOS
96%
Remove O, S; Add P, N, E NEPAL
94%
Remove P, L, A, N; Add E, N, Y, M YEMEN
92%
Remove Y, E(x2); Add O, A OMAN
91%
Remove O, M; Add D, I(x2) INDIA
90%
Add N, O, E, S INDONESIA
86%
Remove D, N, I, H, L; Add Q, R QATAR
45%
Remove O, G, R, E; Add T, A, K PAKISTAN
33%
Remove W; Add L, D, H THAILAND
33%
Remove P, S, K, A; Add A, W TAIWAN
30%
Remove O, R, T(x2); Add L, V, D MALDIVES
23%
Remove V, D, M, L; Add O, P, N, R, G SINGAPORE
22%
Remove I, D, N(x2); Add M, T(x2), R EAST TIMOR
21%
No matching quizzes found
Score Distribution
Percent of People with Each Score
Percentile by Number Answered
Your Score History
You have not taken this quiz